Guess the Middle East Country from facts - Statistics

General Stats
  • This quiz has been taken 32 times
  • The average score is 9 of 15
Answer Stats
Hint Answer % Correct
Land of Jews Israel
89%
Home to Mecca. Saudi Arabia
89%
Home to Petra Jordan
84%
Hosted 2022 FIFA World Cup Qatar
84%
Capital is Baghdad Iraq
79%
Has the tallest building in the world United Arab Emirates
74%
Little island off the coast of Qatar Bahrain
68%
3rd largest Mediterranean Island Cyprus
68%
Formally known as Persia Iran
63%
First country to grow coffee Yemen
63%
Home to Ottoman Empire Turkey
58%
Often called "Hollywood of the gulf Kuwait
42%
82% of this country is desert Oman
32%
Part of Ottoman Empire for over 400 years Syria
16%
Has the most important Mosque Palestine
11%
No matching quizzes found
Score Distribution
Percent of People with Each Score
Percentile by Number Answered
Your Score History
You have not taken this quiz